Province non affacciate sul Mar Mediterraneo - Statistics

Statistiche generali
  • Questo quiz è stato fatto 28 volte
  • Il punteggio medio è 42 su 48
Statistiche sulle risposte
Regione Provincia % Corretto
Piemonte Città metropolitana di Torino
100%
Valle d'Aosta Provincia di Aosta
100%
Piemonte Provincia di Cuneo
100%
Piemonte Provincia del Verbano-Cusio-Ossola
96%
Piemonte Provincia di Alessandria
96%
Piemonte Provincia di Asti
96%
Piemonte Provincia di Novara
96%
Piemonte Provincia di Vercelli
96%
Lombardia Città metropolitana di Milano
92%
Piemonte Provincia di Biella
92%
Lombardia Provincia di Como
92%
Lombardia Provincia di Monza e della Brianza
92%
Emilia-Romagna Provincia di Parma
92%
Emilia-Romagna Provincia di Piacenza
92%
Emilia-Romagna Città metropolitana di Bologna
88%
Toscana Città metropolitana di Firenze
88%
Trentino-Alto Adige Provincia autonoma di Bolzano
88%
Trentino-Alto Adige Provincia autonoma di Trento
88%
Abruzzo Provincia dell'Aquila
88%
Lombardia Provincia di Bergamo
88%
Lombardia Provincia di Brescia
88%
Sicilia Provincia di Enna
88%
Lazio Provincia di Frosinone
88%
Molise Provincia di Isernia
88%
Lombardia Provincia di Lecco
88%
Lombardia Provincia di Mantova
88%
Lombardia Provincia di Pavia
88%
Umbria Provincia di Perugia
88%
Umbria Provincia di Terni
88%
Lombardia Provincia di Varese
88%
Veneto Provincia di Verona
88%
Friuli-Venezia Giulia Ente di decentramento regionale di Pordenone
83%
Toscana Provincia di Arezzo
83%
Campania Provincia di Avellino
83%
Veneto Provincia di Belluno
83%
Toscana Provincia di Pistoia
83%
Toscana Provincia di Prato
83%
Emilia-Romagna Provincia di Reggio Emilia
83%
Lazio Provincia di Rieti
83%
Toscana Provincia di Siena
83%
Lombardia Provincia di Sondrio
83%
Veneto Provincia di Vicenza
83%
Lombardia Provincia di Cremona
79%
Emilia-Romagna Provincia di Modena
79%
Veneto Provincia di Padova
79%
Veneto Provincia di Treviso
79%
Lombardia Provincia di Lodi
75%
Campania Provincia di Caserta
71%
Nessun quiz corrispondente trovato
Distribuzione punteggi
Percentuale di utenti per punteggio
Percentile per numero di risposta
I tuoi punteggi nel tempo
Non hai fatto questo quiz